Globalization unmasked : Imperialism in the 21st century (Record no. 86532)

MARC details
000 -LEADER
fixed length control field 00527nam a2200193Ia 4500
008 - FIXED-LENGTH DATA ELEMENTS--GENERAL INFORMATION
fixed length control field 230125s9999 xx 000 0 und d
020 ## - INTERNATIONAL STANDARD BOOK NUMBER
International Standard Book Number 81-86816-14-3
041 ## - LANGUAGE CODE
Language code of text/sound track or separate title eng
082 ## - DEWEY DECIMAL CLASSIFICATION NUMBER
Classification number 337
Item number PET/VEL
100 ## - MAIN ENTRY--PERSONAL NAME
Personal name Petras J
9 (RLIN) 109859
245 ## - TITLE STATEMENT
Title Globalization unmasked : Imperialism in the 21st century
260 ## - PUBLICATION, DISTRIBUTION, ETC. (IMPRINT)
Date of publication, distribution, etc. 2001
Name of publisher, distributor, etc. Madhyam books
Place of publication, distribution, etc. New Delhi
300 ## - PHYSICAL DESCRIPTION
Extent 183p
500 ## - GENERAL NOTE
Keywords International economics
650 ## - SUBJECT ADDED ENTRY--TOPICAL TERM
Topical term or geographic name as entry element Economics
700 ## - ADDED ENTRY--PERSONAL NAME
Personal name Petras J & Veltmeyer H
9 (RLIN) 109860
906 ## - LOCAL DATA ELEMENT F, LDF (RLIN)
b 20
Holdings
Withdrawn status Lost status Damaged status Not for loan Home library Current library Date acquired Vendor Cost, normal purchase price Bill number Total Checkouts Full call number Barcode Date last seen Cost, replacement price Bill Date Koha item type Original Barcode
        Smt. Hiraben Nanavati Institute of Management & Research for Women Smt. Hiraben Nanavati Institute of Management & Research for Women 18/12/2006 The international book services 200.00 36570   337 PET/VEL B05652 HIMR-BK-5652 25/01/2023 180.00 08/12/2006 Books B05652